Chemické tabuľky

Saved in:
Bibliographic Details
Main Authors: Valigura, Dušan, 1948- (Author), Gracza, Tibor, 1956- (Author), Mašlejová, Anna, 1949- (Author), Papánková, Blažena (Author), Šima, Jozef, 1948- (Author), Špirková, Katarína (Author)
Format: Book
Language:Slovak
Published: V Bratislave Slovenská technická univerzita 2004
Edition:1. vyd.
Series:Edícia skrípt /Slovenská technická univerzita. Fakulta chemickej a potravinárskej technológie
Subjects:
Online Access:View in OPAC
Tags: Add Tag
No Tags, Be the first to tag this record!

MARC

LEADER 00000nam a2200000 a 4500
005 20260318020006.0
008 171201s2004 xo l g 00000 slo
015 |a SNBA2005/01-00201 
020 |a 8022720399  |q (viaz.)  |c 198,00 Sk 
035 |a vtls001486784 
035 |a SNK000442076 
039 9 |a 202007091014  |b AUTHORITY  |c 202007091002  |d AUTHORITY  |c 202007081144  |d AUTHORITY  |c 202005211016  |d AUTHORITY  |y 200501302301  |z staff 
040 |a SNK  |b slo  |c SNK  |d STUSCHK1  |e AACR2 
041 0 |a slo 
044 |a xo  |c SK 
072 7 |a 546  |x Anorganická chémia  |2 konspekt 
080 |a (083.4)  |2 MDT-MRF 
080 |a (075.8)  |2 MDT-MRF 
080 |a 546-123  |2 MDT-MRF 
245 0 0 |a Chemické tabuľky  |c D. Valigura ... [et al.] 
250 |a 1. vyd. 
260 |a V Bratislave  |b Slovenská technická univerzita  |c 2004 
300 |a 384 s.  |b sch., tab.  |c 21 cm 
490 1 |a Edícia skrípt / Slovenská technická univerzita 
500 |a 1000 výtl. 
650 0 7 |a chemické prvky  |2 SNKPH 
655 7 |a tabuľky  |2 SNKPH 
655 7 |a učebnice vysokých škôl  |2 SNKPH 
655 7 |a príručky  |2 SNKPH 
700 1 |a Valigura, Dušan,  |d 1948-  |4 aut  |9 166 
700 1 |a Gracza, Tibor,  |d 1956-  |4 aut  |9 295 
700 1 |a Mašlejová, Anna,  |d 1949-  |4 aut  |9 1196 
700 1 |a Papánková, Blažena  |4 aut  |9 373 
700 1 |a Šima, Jozef,  |d 1948-  |4 aut  |9 748 
700 1 |a Špirková, Katarína  |4 aut 
830 |a Edícia skrípt /Slovenská technická univerzita. Fakulta chemickej a potravinárskej technológie 
910 |a SCHK95 
919 |a 80-227-2039-9 
919 |d 53+54 
999 |c 3285  |d 3285 
942 0 0 |0 1778